[Event "Pocos de Caldas op"]
[Site "Pocos de Caldas"]
[Date "2016.02.26"]
[Round "1"]
[White "Supi, Luis Paulo"]
[Black "Bufalo, Alexander Davidson"]
[Result "1-0"]
[WhiteElo "2470"]
[BlackElo "1794"]
[PlyCount "83"]
[EventDate "2016.02.26"]
[EventType "swiss"]
[EventRounds "6"]
[EventCountry "BRA"]
[SourceTitle "CBM 171 Extra"]
[Source "ChessBase"]
[SourceDate "2016.04.26"]
[SourceVersion "1"]
[SourceVersionDate "2016.04.26"]
[SourceQuality "1"]

1. d4 Nf6 2. Nf3 e6 3. Bg5 d5 4. Nbd2 Be7 5. e3 c5 6. c3 Nc6 7. Bd3 Qc7 8. O-O
b6 9. Rc1 O-O 10. c4 Ba6 11. a3 Rfd8 12. Qe2 Rac8 13. dxc5 bxc5 14. cxd5 Bxd3
15. Qxd3 Rxd5 16. Qc2 h6 17. Bxf6 Bxf6 18. Ne4 Be7 19. Rfd1 Rcd8 20. Rxd5 Rxd5
21. g3 Ne5 22. Nxe5 Qxe5 23. Nc3 Rd8 24. Rd1 Rxd1+ 25. Qxd1 Qd6 26. Qc2 a6 27.
Ne4 Qd5 28. b3 Qe5 29. a4 Qd5 30. h4 h5 31. Kf1 Kf8 32. Ke2 Qf5 33. Qd3 Kg8 34.
Nd2 Qg4+ 35. Ke1 g5 36. hxg5 h4 37. gxh4 Qxh4 38. g6 Qh1+ 39. Nf1 Qh8 40. Qxa6
Qb2 41. Qb7 Kf8 42. g7+ 1-0

[Event "Pocos de Caldas op"]
[Site "Pocos de Caldas"]
[Date "2016.02.26"]
[Round "2"]
[White "Gazola, Vanessa Ramos"]
[Black "Supi, Luis Paulo"]
[Result "0-1"]
[WhiteElo "1987"]
[BlackElo "2470"]
[PlyCount "74"]
[EventDate "2016.02.26"]
[EventType "swiss"]
[EventRounds "6"]
[EventCountry "BRA"]
[SourceTitle "CBM 171 Extra"]
[Source "ChessBase"]
[SourceDate "2016.04.26"]
[SourceVersion "1"]
[SourceVersionDate "2016.04.26"]
[SourceQuality "1"]

1. d4 Nf6 2. c4 d6 3. Nc3 g6 4. e4 Bg7 5. Be2 Nbd7 6. Bg5 h6 7. Be3 e5 8. d5
Nc5 9. f3 c6 10. Qd2 cxd5 11. cxd5 O-O 12. g4 h5 13. h3 Bd7 14. Bb5 Bxb5 15.
Nxb5 Qb6 16. Nc3 Qa6 17. Rd1 b5 18. b3 b4 19. Nb1 Qb5 20. Ne2 a5 21. Nc1 a4 22.
Qc2 Qd7 23. Nd2 axb3 24. axb3 Qe7 25. Bg5 Qc7 26. Nc4 Nh7 27. Be3 f5 28. exf5
gxf5 29. gxf5 e4 30. f4 Bc3+ 31. Bd2 Qd7 32. Bxc3 bxc3 33. Qf2 e3 34. Nxe3 Kh8
35. Nc4 Rfe8+ 36. Ne2 c2 37. Rc1 Nd3+ 0-1

[Event "Pocos de Caldas op"]
[Site "Pocos de Caldas"]
[Date "2016.02.27"]
[Round "3"]
[White "Supi, Luis Paulo"]
[Black "Rezende, Guilherme Vilela"]
[Result "1-0"]
[WhiteElo "2470"]
[BlackElo "2137"]
[PlyCount "121"]
[EventDate "2016.02.26"]
[EventType "swiss"]
[EventRounds "6"]
[EventCountry "BRA"]
[SourceTitle "CBM 171 Extra"]
[Source "ChessBase"]
[SourceDate "2016.04.26"]
[SourceVersion "1"]
[SourceVersionDate "2016.04.26"]
[SourceQuality "1"]

1. g3 c5 2. Bg2 d5 3. Nf3 Nc6 4. d4 e6 5. O-O Nf6 6. e3 Be7 7. b3 cxd4 8. exd4
O-O 9. Qe2 b6 10. Rd1 Bb7 11. c4 Rc8 12. Bb2 Re8 13. Nbd2 Bd6 14. Nf1 Qc7 15.
Ne3 Na5 16. Rac1 h6 17. Ne5 dxc4 18. Bxb7 Qxb7 19. bxc4 Bxe5 20. dxe5 Ne4 21.
f3 Nc5 22. Bc3 Qa6 23. f4 Rcd8 24. f5 Rxd1+ 25. Rxd1 exf5 26. Bxa5 Qxa5 27.
Nxf5 Ne6 28. Rd5 Qb4 29. Nd6 Rf8 30. Kg2 Qb1 31. Rd1 Qg6 32. Rf1 Nd4 33. Qd1
Qc2+ 34. Qxc2 Nxc2 35. Kf3 Nd4+ 36. Ke4 Ne6 37. Kd5 Rd8 38. Kc6 Nd4+ 39. Kc7
Ne6+ 40. Kc6 Nd4+ 41. Kb7 Rd7+ 42. Ka6 Nc6 43. Re1 Nb4+ 44. Kb5 Nd3 45. Re3 Nc5
46. Kc6 Re7 47. Nc8 Re6+ 48. Kd5 Re8 49. Nxa7 Ra8 50. Ra3 Nb7 51. Nb5 Na5 52.
Nd6 Ra7 53. c5 bxc5 54. Kxc5 Nb7+ 55. Kb4 Rxa3 56. Kxa3 Nc5 57. Kb4 Nd3+ 58.
Kb5 Kf8 59. a4 Nxe5 60. a5 Nd7 61. a6 1-0

[Event "Pocos de Caldas op"]
[Site "Pocos de Caldas"]
[Date "2016.02.27"]
[Round "4"]
[White "Terao, Juliana Sayumi"]
[Black "Supi, Luis Paulo"]
[Result "0-1"]
[WhiteElo "2234"]
[BlackElo "2470"]
[PlyCount "62"]
[EventDate "2016.02.26"]
[EventType "swiss"]
[EventRounds "6"]
[EventCountry "BRA"]
[SourceTitle "CBM 171 Extra"]
[Source "ChessBase"]
[SourceDate "2016.04.26"]
[SourceVersion "1"]
[SourceVersionDate "2016.04.26"]
[SourceQuality "1"]

1. e4 c5 2. c3 e6 3. Nf3 d5 4. exd5 exd5 5. d4 Nc6 6. Bb5 Bd6 7. O-O cxd4 8.
cxd4 Nge7 9. Nc3 O-O 10. Bg5 f6 11. Bh4 Bg4 12. Be2 Kh8 13. Qd2 Bb4 14. a3 Ba5
15. b4 Bb6 16. b5 Bxf3 17. bxc6 Bxe2 18. cxb7 Bxf1 19. bxa8=Q Qxa8 20. Rxf1 Nf5
21. Bg3 Bxd4 22. Nb5 Nxg3 23. hxg3 Bb6 24. Nd4 Qc8 25. Qf4 Qc4 26. Ne6 Re8 27.
Qf5 Qe4 28. Qxe4 dxe4 29. Nf4 e3 30. fxe3 Rxe3 31. Kh2 Kg8 0-1

[Event "Pocos de Caldas op"]
[Site "Pocos de Caldas"]
[Date "2016.02.28"]
[Round "6"]
[White "Supi, Luis Paulo"]
[Black "Gazel Pereira, Frederico"]
[Result "1-0"]
[WhiteElo "2470"]
[BlackElo "2270"]
[PlyCount "61"]
[EventDate "2016.02.26"]
[EventType "swiss"]
[EventRounds "6"]
[EventCountry "BRA"]
[SourceTitle "CBM 171 Extra"]
[Source "ChessBase"]
[SourceDate "2016.04.26"]
[SourceVersion "1"]
[SourceVersionDate "2016.04.26"]
[SourceQuality "1"]

1. c4 Nf6 2. Nc3 e5 3. g3 d5 4. cxd5 Nxd5 5. Bg2 Nb6 6. e3 Be7 7. Nge2 O-O 8.
O-O c6 9. d4 exd4 10. Nxd4 Bf6 11. Ne4 Bxd4 12. exd4 Nd5 13. Bg5 f6 14. Bd2 Qb6
15. Bc3 Na6 16. Re1 Bd7 17. Qd2 Qc7 18. Ba5 b6 19. Bc3 Rae8 20. b3 Rf7 21. Bb2
Rfe7 22. Ba3 Re6 23. Nc3 Qb7 24. Nxd5 cxd5 25. Rxe6 Rxe6 26. Rc1 Re8 27. Qf4
Re6 28. h4 f5 29. Kh2 g6 30. Qh6 Re8 31. Re1 1-0

[Event "Sao Paulo Freitas op 2nd"]
[Site "Sao Paulo"]
[Date "2016.04.15"]
[Round "1"]
[White "Da Silva, Wagner Jose"]
[Black "Supi, Luis Paulo"]
[Result "0-1"]
[WhiteElo "1902"]
[BlackElo "2479"]
[PlyCount "50"]
[EventDate "2016.04.15"]
[EventType "swiss"]
[EventRounds "6"]
[EventCountry "BRA"]
[SourceTitle "CBM 171 Extra"]
[Source "ChessBase"]
[SourceDate "2016.04.26"]
[SourceVersion "1"]
[SourceVersionDate "2016.04.26"]
[SourceQuality "1"]

1. d4 Nf6 2. c4 g6 3. Nc3 Bg7 4. e4 d6 5. f4 O-O 6. Be2 c5 7. d5 b5 8. cxb5 a6
9. bxa6 Qa5 10. Bd2 Bxa6 11. Bf3 Nbd7 12. a4 Rfb8 13. Qc2 Qb6 14. Nd1 c4 15. a5
Qa7 16. Be3 Nc5 17. Bxc5 Qxc5 18. Qf2 Nxe4 19. Bxe4 Bd4 20. Qc2 Bxg1 21. Rb1 c3
22. Qxc3 Qb5 23. Qf3 Qxa5+ 24. b4 Rxb4 25. Rxb4 Qxb4+ 0-1

[Event "Sao Paulo Freitas op 2nd"]
[Site "Sao Paulo"]
[Date "2016.04.15"]
[Round "2"]
[White "Supi, Luis Paulo"]
[Black "Gazola, Vanessa Ramos"]
[Result "1-0"]
[WhiteElo "2479"]
[BlackElo "2024"]
[PlyCount "85"]
[EventDate "2016.04.15"]
[EventType "swiss"]
[EventRounds "6"]
[EventCountry "BRA"]
[SourceTitle "CBM 171 Extra"]
[Source "ChessBase"]
[SourceDate "2016.04.26"]
[SourceVersion "1"]
[SourceVersionDate "2016.04.26"]
[SourceQuality "1"]

1. d4 d5 2. c4 e6 3. Nc3 Be7 4. Nf3 Nf6 5. Bf4 O-O 6. Qc2 c6 7. e3 Nbd7 8. Rd1
Re8 9. Bd3 Nf8 10. h3 dxc4 11. Bxc4 Nd5 12. Bh2 b5 13. Be2 Nxc3 14. Qxc3 Bb7
15. Ne5 Rc8 16. O-O a5 17. Nd3 b4 18. Qc2 Ba6 19. Nc5 Bxe2 20. Qxe2 Qb6 21. Rc1
Red8 22. Rc4 Nd7 23. Nxd7 Rxd7 24. Rfc1 c5 25. Bg3 Rcd8 26. dxc5 Qc6 27. Qf3
Rd5 28. b3 f6 29. Bf4 e5 30. e4 Rd3 31. Be3 R8d7 32. Kh2 Bf8 33. R1c2 Rd8 34.
Qe2 R8d7 35. f4 Rd8 36. Rd2 Rxd2 37. Bxd2 Rc8 38. Be3 Qd7 39. Rc1 f5 40. Qc4+
Kh8 41. c6 Qd6 42. Qa6 Rc7 43. Qa8 1-0

[Event "Sao Paulo Freitas op 2nd"]
[Site "Sao Paulo"]
[Date "2016.04.16"]
[Round "3"]
[White "Dias, Matheus Nunes"]
[Black "Supi, Luis Paulo"]
[Result "0-1"]
[WhiteElo "1722"]
[BlackElo "2479"]
[PlyCount "52"]
[EventDate "2016.04.15"]
[EventType "swiss"]
[EventRounds "6"]
[EventCountry "BRA"]
[SourceTitle "CBM 171 Extra"]
[Source "ChessBase"]
[SourceDate "2016.04.26"]
[SourceVersion "1"]
[SourceVersionDate "2016.04.26"]
[SourceQuality "1"]

1. d4 Nf6 2. Nf3 d6 3. c4 g6 4. Nc3 Bf5 5. e3 Bg7 6. Bd3 Bd7 7. a3 O-O 8. O-O
Re8 9. e4 Bg4 10. Be2 Nfd7 11. h3 Bxf3 12. Bxf3 Nc6 13. Be3 e5 14. d5 Nd4 15.
Bxd4 exd4 16. Nb5 Nc5 17. Nxd4 Bxd4 18. Qxd4 Nb3 19. Qc3 Nxa1 20. Rxa1 a5 21.
c5 a4 22. Rd1 Qe7 23. c6 bxc6 24. Qxc6 Reb8 25. Rc1 Ra7 26. Rc4 Rb6 0-1

[Event "Sao Paulo Freitas op 2nd"]
[Site "Sao Paulo"]
[Date "2016.04.16"]
[Round "4"]
[White "Supi, Luis Paulo"]
[Black "Aranha Filho, Alvaro Zimmermann"]
[Result "1-0"]
[WhiteElo "2479"]
[BlackElo "2341"]
[PlyCount "159"]
[EventDate "2016.04.15"]
[EventType "swiss"]
[EventRounds "6"]
[EventCountry "BRA"]
[SourceTitle "CBM 171 Extra"]
[Source "ChessBase"]
[SourceDate "2016.04.26"]
[SourceVersion "1"]
[SourceVersionDate "2016.04.26"]
[SourceQuality "1"]

1. d4 Nf6 2. Nf3 d5 3. c4 c6 4. Nc3 a6 5. g3 b5 6. b3 Bg4 7. Ne5 Bf5 8. Bg2 e6
9. O-O Bb4 10. Bb2 O-O 11. Rc1 Qe7 12. e3 h6 13. Qe2 Bh7 14. Rfd1 Ra7 15. Nd3
Ba3 16. Nb1 Bxb2 17. Qxb2 Ne4 18. Nc3 Nd6 19. c5 Ne8 20. e4 dxe4 21. Nxe4 Bxe4
22. Bxe4 Nf6 23. Bg2 Nd5 24. a4 Nd7 25. axb5 axb5 26. Ra1 Rfa8 27. Rxa7 Rxa7
28. Re1 Qd8 29. Bxd5 exd5 30. Kg2 Nf8 31. Nf4 Re7 32. Ra1 Qc8 33. Qd2 Ne6 34.
Nxe6 Qxe6 35. Qf4 Qe4+ 36. Qxe4 Rxe4 37. Ra6 Rxd4 38. Rxc6 Kf8 39. Rc7 Rb4 40.
Rb7 Ke8 41. c6 Kd8 42. Rxf7 g5 43. Rd7+ Kc8 44. Rxd5 Rxb3 45. Rd6 Rc3 46. Rxh6
b4 47. Re6 b3 48. Re4 b2 49. Rb4 Rc2 50. h4 gxh4 51. gxh4 Kc7 52. h5 Kxc6 53.
h6 Rc5 54. Rxb2 Rh5 55. Rd2 Rxh6 56. Kg3 Rg6+ 57. Kf4 Rg8 58. Ke5 Re8+ 59. Kf6
Rf8+ 60. Ke7 Rf3 61. Ke6 Kc7 62. Ke5 Rf8 63. f4 Re8+ 64. Kf6 Rf8+ 65. Kg5 Rg8+
66. Kh6 Rf8 67. Rd4 Kc6 68. Kg7 Kc5 69. Re4 Ra8 70. f5 Ra7+ 71. Kg6 Kd5 72. Re1
Ra2 73. f6 Rg2+ 74. Kh7 Rh2+ 75. Kg7 Rg2+ 76. Kf8 Kd6 77. f7 Ra2 78. Re8 Rg2
79. Rd8+ Kc7 80. Rd4 1-0

[Event "Pan American-ch U20"]
[Site "Guatape"]
[Date "2016.06.20"]
[Round "1"]
[White "Supi, Luis Paulo"]
[Black "Zapata Arbelaes, Estiven"]
[Result "1-0"]
[WhiteElo "2488"]
[BlackElo "2102"]
[PlyCount "53"]
[EventDate "2016.06.20"]
[EventType "swiss"]
[EventRounds "9"]
[EventCountry "COL"]
[SourceTitle "EXT 2017"]
[Source "ChessBase"]
[SourceDate "2016.10.25"]
[SourceVersion "1"]
[SourceVersionDate "2016.10.25"]
[SourceQuality "1"]

1. c4 c6 2. d4 d5 3. Nf3 Nf6 4. g3 Bf5 5. Nc3 Nbd7 6. Nh4 Bg4 7. h3 Bh5 8. g4
Bg6 9. cxd5 cxd5 10. Nxg6 hxg6 11. g5 Ne4 12. Bg2 Nxc3 13. bxc3 Qc7 14. Bd2 e6
15. e4 Nb6 16. exd5 exd5 17. O-O Bd6 18. Re1+ Kf8 19. Qg4 Qc8 20. Bf4 Bxf4 21.
Qxf4 Qf5 22. Qg3 Rc8 23. Re5 Qd7 24. Rae1 Rg8 25. h4 f5 26. h5 gxh5 27. g6 1-0

[Event "Pan American-ch U20"]
[Site "Guatape"]
[Date "2016.06.21"]
[Round "2"]
[White "Gracia Alvarez, Gerardo An"]
[Black "Supi, Luis Paulo"]
[Result "0-1"]
[WhiteElo "2241"]
[BlackElo "2488"]
[PlyCount "60"]
[EventDate "2016.06.20"]
[EventType "swiss"]
[EventRounds "9"]
[EventCountry "COL"]
[SourceTitle "EXT 2017"]
[Source "ChessBase"]
[SourceDate "2016.10.25"]
[SourceVersion "1"]
[SourceVersionDate "2016.10.25"]
[SourceQuality "1"]

1. d4 Nf6 2. Nf3 g6 3. g3 Bg7 4. Bg2 O-O 5. O-O d6 6. a4 a5 7. Bf4 b6 8. Nc3
Bb7 9. Qc1 c5 10. Bh6 cxd4 11. Bxg7 Kxg7 12. Nxd4 Bxg2 13. Kxg2 Nbd7 14. Rd1
Rc8 15. e4 Rc5 16. Nde2 Qa8 17. f3 Rfc8 18. Qd2 Ne5 19. b3 R8c6 20. f4 Nxe4 21.
Nxe4 Rxc2 22. fxe5 Rxd2 23. Nxd2 dxe5 24. Kg1 Rc2 25. Rac1 Rxc1 26. Rxc1 Qd5
27. Nc4 Qf3 28. Nc3 f5 29. Rc2 f4 30. gxf4 exf4 0-1

[Event "Pan American-ch U20"]
[Site "Guatape"]
[Date "2016.06.21"]
[Round "3"]
[White "Supi, Luis Paulo"]
[Black "Campos Jimenez, Augusto Cesar"]
[Result "1-0"]
[WhiteElo "2488"]
[BlackElo "2337"]
[PlyCount "83"]
[EventDate "2016.06.20"]
[EventType "swiss"]
[EventRounds "9"]
[EventCountry "COL"]
[SourceTitle "EXT 2017"]
[Source "ChessBase"]
[SourceDate "2016.10.25"]
[SourceVersion "1"]
[SourceVersionDate "2016.10.25"]
[SourceQuality "1"]

1. d4 Nf6 2. c4 e6 3. Nc3 Bb4 4. e3 O-O 5. Bd3 d5 6. cxd5 exd5 7. Nge2 c6 8.
O-O Re8 9. f3 c5 10. Kh1 Nc6 11. a3 cxd4 12. exd4 Be7 13. g4 g6 14. Bh6 Bf8 15.
Bxf8 Rxf8 16. Qd2 Be6 17. Rg1 Re8 18. b4 a5 19. b5 Ne7 20. Ng3 Kh8 21. h4 Rc8
22. Nce2 Neg8 23. g5 Nd7 24. h5 Nb6 25. Qf4 Qc7 26. Qh4 Kg7 27. Nf4 Bd7 28.
hxg6 hxg6 29. Ngh5+ gxh5 30. g6 f5 31. Nxh5+ Kf8 32. Qg5 Qd6 33. Bxf5 Re6 34.
Bxe6 Qxe6 35. Qf4+ Qf5 36. Qd6+ Ne7 37. Nf4 Nc4 38. g7+ Kf7 39. Qh6 Ng8 40. Qh4
Nd2 41. Rg5 Qd3 42. Nxd3 1-0

[Event "Pan American-ch U20"]
[Site "Guatape"]
[Date "2016.06.22"]
[Round "4"]
[White "Viswanadha, Kesav"]
[Black "Supi, Luis Paulo"]
[Result "0-1"]
[WhiteElo "2377"]
[BlackElo "2488"]
[PlyCount "108"]
[EventDate "2016.06.20"]
[EventType "swiss"]
[EventRounds "9"]
[EventCountry "COL"]
[SourceTitle "EXT 2017"]
[Source "ChessBase"]
[SourceDate "2016.10.25"]
[SourceVersion "1"]
[SourceVersionDate "2016.10.25"]
[SourceQuality "1"]

1. e4 c5 2. Nf3 e6 3. d4 cxd4 4. Nxd4 a6 5. c4 b6 6. a3 Bb7 7. Nc3 Qc7 8. Be3
Nf6 9. f3 Nc6 10. Be2 Nxd4 11. Bxd4 Bd6 12. g3 O-O 13. Na4 b5 14. cxb5 axb5 15.
Nc3 Bc6 16. Bxb5 e5 17. Be3 Bxa3 18. Qb3 Be7 19. O-O Qb7 20. Rxa8 Rxa8 21. Qc4
Bxb5 22. Qxb5 Qxb5 23. Nxb5 Rb8 24. Nc7 Rxb2 25. Bg5 Bd6 26. Rc1 Rb7 27. Bxf6
Rxc7 28. Rxc7 Bxc7 29. Bg5 f6 30. Be3 Kf7 31. g4 Ke6 32. Kg2 d5 33. exd5+ Kxd5
34. h3 Bd6 35. Bb6 Kc4 36. Bd8 Kd3 37. Bb6 Ke2 38. Bd8 Bb4 39. Bb6 g6 40. Bd8
f5 41. gxf5 gxf5 42. Bf6 Bd6 43. Bg5 f4 44. Bh4 Bc5 45. Bg3 fxg3 46. Kxg3 Be3
47. Kg4 Bf4 48. h4 Kf2 49. h5 Kg2 50. Kh4 Kxf3 51. Kh3 e4 52. h6 e3 53. Kh4 e2
54. Kh3 Bxh6 0-1

[Event "Pan American-ch U20"]
[Site "Guatape"]
[Date "2016.06.22"]
[Round "5"]
[White "Supi, Luis Paulo"]
[Black "Albornoz Cabrera, Carlos Daniel"]
[Result "1-0"]
[WhiteElo "2488"]
[BlackElo "2471"]
[PlyCount "85"]
[EventDate "2016.06.20"]
[EventType "swiss"]
[EventRounds "9"]
[EventCountry "COL"]
[SourceTitle "EXT 2017"]
[Source "ChessBase"]
[SourceDate "2016.10.25"]
[SourceVersion "1"]
[SourceVersionDate "2016.10.25"]
[SourceQuality "1"]

1. c4 Nf6 2. Nc3 g6 3. e4 d6 4. g3 Bg7 5. Bg2 e5 6. Nge2 O-O 7. O-O a6 8. d3 c6
9. b4 b5 10. a4 c5 11. bxc5 b4 12. Nd5 dxc5 13. Be3 Qd6 14. d4 cxd4 15. Nxd4
Ng4 16. Nb3 Nxe3 17. fxe3 Rd8 18. c5 Qf8 19. Qc2 Nc6 20. Nb6 Rb8 21. Nxc8 Rbxc8
22. Qc4 Ra8 23. Bh3 Ra7 24. Be6 Rb8 25. Bd5 Nd8 26. a5 Qe8 27. Rac1 Nc6 28. Rf3
Rbb7 29. Rcf1 Rc7 30. Kg2 Bf8 31. h4 Bh6 32. h5 Bg5 33. hxg6 hxg6 34. Rh1 Qf8
35. g4 Qd8 36. Qf1 Bh4 37. Rfh3 g5 38. Nd2 Qd7 39. Nf3 Qxg4+ 40. Kh2 Nd4 41.
Nxh4 Rxc5 42. Rg1 Rc2+ 43. Kh1 1-0

[Event "Pan American-ch U20"]
[Site "Guatape"]
[Date "2016.06.23"]
[Round "6"]
[White "Cori Quispe, Kevin Joel"]
[Black "Supi, Luis Paulo"]
[Result "1/2-1/2"]
[WhiteElo "2353"]
[BlackElo "2488"]
[PlyCount "115"]
[EventDate "2016.06.20"]
[EventType "swiss"]
[EventRounds "9"]
[EventCountry "COL"]
[SourceTitle "EXT 2017"]
[Source "ChessBase"]
[SourceDate "2016.10.25"]
[SourceVersion "1"]
[SourceVersionDate "2016.10.25"]
[SourceQuality "1"]

1. e4 c5 2. Nf3 e6 3. d4 cxd4 4. Nxd4 d6 5. Nc3 a6 6. Be3 b5 7. a3 Bb7 8. Qd2
Ne7 9. O-O-O Nec6 10. Nb3 Nd7 11. Bf4 Nde5 12. Bg3 Be7 13. f4 Nc4 14. Qe1 O-O
15. Kb1 Qb6 16. Bf2 Qc7 17. Bh4 Rfc8 18. Bxe7 Nxe7 19. Bxc4 bxc4 20. Nd4 Rab8
21. Ka1 Ba8 22. Qd2 e5 23. Nf3 Bxe4 24. Nxe4 Qb7 25. c3 Qxe4 26. Rhe1 Qg6 27.
fxe5 d5 28. Nd4 Rb6 29. Re2 Rcb8 30. Qf4 Nc6 31. Nf5 Qe6 32. Qg5 Qg6 33. Qxg6
hxg6 34. Ne3 Rb5 35. Nxd5 Re8 36. Nb4 Nxb4 37. axb4 a5 38. bxa5 Rxa5+ 39. Kb1
Raxe5 40. Rxe5 Rxe5 41. Rd4 Rc5 42. Kc2 Kf8 43. b4 cxb3+ 44. Kxb3 Ke7 45. c4
Rc8 46. Kb4 Rb8+ 47. Kc3 Rc8 48. Rd5 Ke6 49. Ra5 Rc7 50. Ra6+ Kd7 51. Kd4 Kc8
52. Kd5 Rd7+ 53. Rd6 Ra7 54. g4 Ra2 55. Rc6+ Kb7 56. Rd6 Kc7 57. Rc6+ Kb7 58.
Rd6 1/2-1/2

[Event "Pan American-ch U20"]
[Site "Guatape"]
[Date "2016.06.24"]
[Round "7"]
[White "Supi, Luis Paulo"]
[Black "Barros Rivadeneira, Cristhian"]
[Result "1-0"]
[WhiteElo "2488"]
[BlackElo "2283"]
[PlyCount "73"]
[EventDate "2016.06.20"]
[EventType "swiss"]
[EventRounds "9"]
[EventCountry "COL"]
[SourceTitle "EXT 2017"]
[Source "ChessBase"]
[SourceDate "2016.10.25"]
[SourceVersion "1"]
[SourceVersionDate "2016.10.25"]
[SourceQuality "1"]

1. g3 g6 2. Bg2 Bg7 3. e4 c5 4. d3 Nc6 5. Nc3 e6 6. Be3 Nd4 7. Qd2 Qa5 8. Rc1
d6 9. Nf3 Bd7 10. O-O Ne7 11. Bh6 O-O 12. Bxg7 Kxg7 13. Nh4 Rae8 14. f4 f5 15.
Kh1 Bc6 16. a3 Qc7 17. Rce1 Qd7 18. Ne2 e5 19. Nxd4 exd4 20. c3 dxc3 21. Qxc3+
Kg8 22. Kg1 b6 23. b4 fxe4 24. dxe4 cxb4 25. axb4 Qe6 26. Nf3 Qf6 27. Nd4 Bd7
28. e5 dxe5 29. fxe5 Qg5 30. e6 Rxf1+ 31. Rxf1 Bc8 32. Nf3 Qh6 33. Re1 Qg7 34.
Qc7 Nf5 35. Qf7+ Qxf7 36. exf7+ Kxf7 37. Ng5+ 1-0

[Event "Pan American-ch U20"]
[Site "Guatape"]
[Date "2016.06.24"]
[Round "8"]
[White "Gomez Sanchez, Jorge Marcos"]
[Black "Supi, Luis Paulo"]
[Result "1/2-1/2"]
[WhiteElo "2398"]
[BlackElo "2488"]
[PlyCount "88"]
[EventDate "2016.06.20"]
[EventType "swiss"]
[EventRounds "9"]
[EventCountry "COL"]
[SourceTitle "EXT 2017"]
[Source "ChessBase"]
[SourceDate "2016.10.25"]
[SourceVersion "1"]
[SourceVersionDate "2016.10.25"]
[SourceQuality "1"]

1. Nf3 Nf6 2. g3 g6 3. b3 Bg7 4. Bb2 b6 5. Bg2 Bb7 6. O-O O-O 7. c4 c5 8. Nc3
d6 9. d4 a6 10. Re1 Nbd7 11. e4 cxd4 12. Nxd4 Rb8 13. Qd2 Re8 14. Rad1 Ba8 15.
e5 dxe5 16. Nc6 Bxc6 17. Bxc6 Qc7 18. Bxd7 Red8 19. Nd5 Nxd5 20. Qxd5 Rb7 21.
Bxe5 Bxe5 22. Rxe5 Rxd7 23. Qxd7 Qxd7 24. Rxd7 Rxd7 25. Rd5 Rxd5 26. cxd5 Kf8
27. f4 e6 28. dxe6 f5 29. Kf2 Ke7 30. Ke3 Kxe6 31. Kd4 Kd6 32. a4 a5 33. Kc4
Kc6 34. h3 h6 35. b4 axb4 36. Kxb4 Kc7 37. Kb5 Kb7 38. g4 fxg4 39. hxg4 Kc7 40.
Kc4 Kd6 41. Kd4 Ke6 42. Ke4 h5 43. Kf3 hxg4+ 44. Kxg4 b5 1/2-1/2

[Event "Pan American-ch U20"]
[Site "Guatape"]
[Date "2016.06.25"]
[Round "9"]
[White "Supi, Luis Paulo"]
[Black "Ostrovskiy, Aleksandr A"]
[Result "1-0"]
[WhiteElo "2488"]
[BlackElo "2390"]
[PlyCount "141"]
[EventDate "2016.06.20"]
[EventType "swiss"]
[EventRounds "9"]
[EventCountry "COL"]
[SourceTitle "EXT 2017"]
[Source "ChessBase"]
[SourceDate "2016.10.25"]
[SourceVersion "1"]
[SourceVersionDate "2016.10.25"]
[SourceQuality "1"]

1. d4 d5 2. c4 e6 3. Nf3 c6 4. Bg5 Be7 5. Bxe7 Qxe7 6. Qc2 Nf6 7. e3 O-O 8. Nc3
b6 9. Bd3 dxc4 10. Bxc4 c5 11. O-O Bb7 12. Rfd1 Nc6 13. Be2 Rfd8 14. dxc5 Qxc5
15. a3 Qe7 16. Rxd8+ Rxd8 17. Rd1 h6 18. h3 Rxd1+ 19. Qxd1 Kf8 20. Kf1 Qd7 21.
Qa4 Qc7 22. Ke1 Nd7 23. Nb5 Qb8 24. Qc2 Nf6 25. g3 a6 26. Nc3 Ne5 27. Nd4 Qc8
28. Qa4 Nfd7 29. f4 Nc5 30. Qc2 Nc6 31. Qh7 Nxd4 32. exd4 Nb3 33. Qh8+ Ke7 34.
Qxg7 Qc6 35. d5 Qc5 36. dxe6 Qg1+ 37. Bf1 Qe3+ 38. Ne2 Nc5 39. Qxf7+ Kd6 40.
Qf8+ Kd5 41. Qf5+ Kd6 42. Qe5+ Qxe5 43. fxe5+ Kxe6 44. Nf4+ Kxe5 45. Nd3+ Nxd3+
46. Bxd3 Kd4 47. Kd2 a5 48. g4 Bf3 49. Be2 Bc6 50. Bd3 Bf3 51. Bc2 b5 52. Bd3
b4 53. axb4 axb4 54. Bc2 Bd5 55. h4 Bf7 56. Ke2 Ke5 57. Kf3 Bd5+ 58. Kg3 Bf7
59. Bb1 Bg8 60. g5 hxg5 61. hxg5 Be6 62. Kh4 Kd4 63. g6 Ke3 64. Kg5 Bc4 65. Kf6
Kd2 66. Bf5 b3 67. Be6 Bd3 68. g7 Bh7 69. Bxb3 Kc1 70. Kg5 Kxb2 71. Kh6 1-0

[Event "Caioba Copel op"]
[Site "Caioba"]
[Date "2016.08.26"]
[Round "1"]
[White "Silva, Janderson Rossi Da"]
[Black "Supi, Luis Paulo"]
[Result "0-1"]
[WhiteElo "1809"]
[BlackElo "2505"]
[PlyCount "46"]
[EventDate "2016.08.26"]
[EventType "swiss"]
[EventRounds "6"]
[EventCountry "BRA"]
[SourceTitle "CBM 174 Extra"]
[Source "ChessBase"]
[SourceDate "2016.10.10"]
[SourceVersion "1"]
[SourceVersionDate "2016.10.10"]
[SourceQuality "1"]

1. b4 Nf6 2. Bb2 d6 3. e3 e5 4. Nf3 e4 5. Nd4 d5 6. c4 Be7 7. Nc3 O-O 8. Qb3 c6
9. d3 a5 10. a3 axb4 11. axb4 Rxa1+ 12. Bxa1 Qd6 13. c5 Qe5 14. dxe4 dxe4 15.
Bc4 Qg5 16. g3 Nbd7 17. Qb1 Ne5 18. Bf1 Bf5 19. Nxf5 Nf3+ 20. Ke2 Qxf5 21. Nxe4
Nxe4 22. Bg2 Rd8 23. Rd1 Ng1+ 0-1

[Event "Caioba Copel op"]
[Site "Caioba"]
[Date "2016.08.26"]
[Round "2"]
[White "Supi, Luis Paulo"]
[Black "Prol Medeiros, Horacio"]
[Result "1-0"]
[WhiteElo "2505"]
[BlackElo "2051"]
[PlyCount "43"]
[EventDate "2016.08.26"]
[EventType "swiss"]
[EventRounds "6"]
[EventCountry "BRA"]
[SourceTitle "CBM 174 Extra"]
[Source "ChessBase"]
[SourceDate "2016.10.10"]
[SourceVersion "1"]
[SourceVersionDate "2016.10.10"]
[SourceQuality "1"]

1. d4 d5 2. c4 e6 3. Nf3 Nf6 4. Nc3 Bb4 5. e3 Ne4 6. Qc2 c5 7. Bd3 Qa5 8. O-O
Nxc3 9. bxc3 Ba3 10. Bd2 dxc4 11. Bxc4 b5 12. Qe4 bxc4 13. Qxa8 Qc7 14. Qe4 Nd7
15. d5 Nb6 16. dxe6 Bxe6 17. Ng5 Qc8 18. Bc1 Bxc1 19. Raxc1 h6 20. Nxe6 Qxe6
21. Qb7 O-O 22. Rfd1 1-0

[Event "Caioba Copel op"]
[Site "Caioba"]
[Date "2016.08.27"]
[Round "3"]
[White "Moura de Lima, Wilian Rither De"]
[Black "Supi, Luis Paulo"]
[Result "0-1"]
[WhiteElo "2135"]
[BlackElo "2505"]
[PlyCount "58"]
[EventDate "2016.08.26"]
[EventType "swiss"]
[EventRounds "6"]
[EventCountry "BRA"]
[SourceTitle "CBM 174 Extra"]
[Source "ChessBase"]
[SourceDate "2016.10.10"]
[SourceVersion "1"]
[SourceVersionDate "2016.10.10"]
[SourceQuality "1"]

1. e4 c5 2. c3 d6 3. d4 Nf6 4. Bd3 Nc6 5. Nf3 g6 6. h3 Bg7 7. Be3 Nd7 8. Nbd2
cxd4 9. cxd4 O-O 10. O-O e5 11. Bg5 Bf6 12. Bh6 Re8 13. d5 Nb4 14. Be2 Bg7 15.
Bg5 f6 16. Be3 f5 17. a3 Na6 18. exf5 gxf5 19. Nc4 Qe7 20. Bg5 Bf6 21. Bxf6
Nxf6 22. Rc1 Kh8 23. Re1 Bd7 24. b4 b5 25. Na5 f4 26. Bf1 Rg8 27. Kh2 Qg7 28.
Nc6 e4 29. Nfd4 Bxh3 0-1